000
00309nam a22001457a 4500
008
230831b ||||| |||| 00| 0 eng d
020
_a
9781572735231
041
_a
eng
080
_a
37
082
_a
37LOG
100
_a
23
101
_a
EDU
245
_a
THE ALPHABET EFFECT
_c
LOGAN.K.R
942
_2
udc
_c
BK
999
_c
60228
_d
60228